| 000 | 00816cab a2200217 4500 | ||
|---|---|---|---|
| 001 | ABS43757 | ||
| 008 | 090401t1990 xxu||||| |||| 00| 0 eng d | ||
| 035 | _a(Sirsi) u43364 | ||
| 041 | _aeng | ||
| 245 | _aHealth: special feature | ||
| 260 | _c1990 | ||
| 350 | _a0 | ||
| 490 |
_aBuilding _v255(7676) 7 December 1990, 54-63(6) |
||
| 520 | _aCovers the design of two hospitals , one state and one private, development of Great Ormond Street Hospital, hospital management buyouts and how health authorities have lost out on falling land values , illustrated by a table of expected revenue from land sales, and what each authority has in fact gained. | ||
| 650 | _aCONSTRUCTION MARKET | ||
| 650 | _aHEALTH SECTOR | ||
| 650 | _aNHS ESTATE | ||
| 690 | _aBUILT ENVIRONMENT | ||
| 942 | _n0 | ||
| 948 | _c04/03/1997 | ||
| 999 |
_c27695 _d27695 |
||